000
00208nam a22001217a 4500
040
_c
HS
082
_a
634
100
_a
NA
245
_a
Avant propos
260
_a
Paris
_b
NA
_c
NA
300
_a
NA
942
_c
FB
999
_c
9278
_d
9278